Deterministic global optimization : theory, methods, and applications /

Guardado en:
Autor Principal: Floudas, Christodoulos A.
Formato: Libro
Idioma:English
Publicado: Dordrecht : Kluwer Academic Publishers, c2000.
Series:Nonconvex optimization and its applications ; v. 37
Materias:
Etiquetas: Agregar Etiqueta
Sin Etiquetas, Sea el primero en etiquetar este registro!
LEADER 00937cam a22002415a 4500
001 EIQ.libpla002897
008 990903s2000####ne#a#####b####001#0#eng#d
005 20070912174556.0
245 1 0 |a Deterministic global optimization :  |b theory, methods, and applications /  |c by Christodoulos A. Floudas. 
260 |a Dordrecht :  |b Kluwer Academic Publishers,  |c c2000. 
300 |a xvii, 739 p. :  |b il. ;  |c 25 cm. 
440 0 |a Nonconvex optimization and its applications ;  |v v. 37 
504 |a Incluye referencias bibliográficas (p. 699-734) e índice. 
020 |a 0792360141 (alk. paper) 
100 1 |a Floudas, Christodoulos A. 
082 0 0 |a 519.3  |2 21 
650 4 |a Matemática  |x Optimización. 
650 4 |a Matemática  |x Programación no lineal. 
650 4 |a Mathematical  |x Optimization. 
650 4 |a Mathematical  |x Nonlinear programming. 
010 |a  99047045  
040 |a DLC  |c DLC  |d AR-BbSID 
859 |a AR-BbSID  |b BIB. PLAPIQUI  |h 519.3  |i F 1  |p 5116